[Event "Florianopolis op-A 04"]
[Site "Florianopolis"]
[Date "2023.04.30"]
[Round "5"]
[White "Alonso, Raphael VP Patricio"]
[Black "Menna Barreto, Luiz Ney"]
[Result "0-1"]
[WhiteElo "2178"]
[BlackElo "2226"]
[PlyCount "112"]
[EventDate "2023.04.28"]
[EventType "swiss"]
[EventRounds "6"]
[EventCountry "BRA"]
[SourceTitle "CBM 214 Extra"]
[Source "ChessBase"]
[SourceDate "2023.07.31"]
[SourceVersion "1"]
[SourceVersionDate "2023.07.31"]
[SourceQuality "1"]

1. Nf3 Nf6 2. b3 c5 3. e3 b6 4. Bb2 e6 5. Be2 Bb7 6. c4 Be7 7. 0-0 0-0 8. d4 d5 9. Nc3 dxc4 10. Bxc4 Nbd7 11. Qe2 a6 12. a4 cxd4 13. exd4 Nd5 14. Nxd5 exd5 15. Bd3 Re8 16. Ne5 Nf8 17. Qf3 f6 18. Ng4 Ng6 19. Ne3 Bb4 20. g3 Qd7 21. Bf5 Qf7 22. Rac1 Ne7 23. Rc7 Bc8 24. Nxd5 Qxd5 25. Be4 Qd6 26. Rcc1 Rb8 27. Bxh7+ Kf8 28. Be4 Bh3 29. Rfd1 Qd7 30. Qf4 Bd6 31. Qh4 Qg4 32. Qh7 Qd7 33. d5 Bf5 34. Qh8+ Kf7 35. Qh5+ Bg6 36. Bxg6+ Nxg6 37. Rc6 Rh8 38. Qe2 Rbe8 39. Qf3 Qh3 40. Qg2 Qxg2+ 41. Kxg2 Bc5 42. Bd4 Ne5 43. Bxe5 Rxe5 44. b4 Bxb4 45. Rxb6 a5 46. d6 Rd8 47. Rb7+ Kg6 48. d7 Kf7 49. h4 Ke7 50. Rd4 Re6 51. Rg4 Kf7 52. Rd4 Re2 53. Kf3 Ra2 54. Rc7 Rxa4 55. Rc8 Ra3+ 56. Kg4 Be7 0-1

[Event "Florianopolis op-A 04"]
[Site "Florianopolis"]
[Date "2023.04.28"]
[Round "1"]
[White "Alonso, Raphael VP Patricio"]
[Black "Borges, Leonardo Fernandes"]
[Result "1/2-1/2"]
[WhiteElo "2178"]
[BlackElo "1856"]
[PlyCount "135"]
[EventDate "2023.04.28"]
[EventType "swiss"]
[EventRounds "6"]
[EventCountry "BRA"]
[SourceTitle "CBM 214 Extra"]
[Source "ChessBase"]
[SourceDate "2023.07.31"]
[SourceVersion "1"]
[SourceVersionDate "2023.07.31"]
[SourceQuality "1"]

1. Nf3 Nf6 2. b3 g6 3. Bb2 Bg7 4. e3 0-0 5. Be2 d6 6. d4 Nbd7 7. 0-0 c6 8. c4 Qc7 9. Nc3 e5 10. Qc2 Re8 11. Rfd1 Nf8 12. dxe5 dxe5 13. Nd2 Bf5 14. Nde4 Nxe4 15. Nxe4 Bxe4 16. Qxe4 f5 17. Qc2 c5 18. Rd5 Rad8 19. Rad1 Rd7 20. e4 f4 21. Bg4 Rf7 22. Qd2 h5 23. Bh3 f3 24. Rd8 Ree7 25. Qd6 Qxd6 26. R1xd6 Kh7 27. g3 b6 28. Rd5 Bf6 29. Rd3 Bg7 30. Kf1 Ne6 31. Bxe6 Rxe6 32. R8d7 Rxd7 33. Rxd7 Kg8 34. Rd3 Rf6 35. Bxe5 Re6 36. Bxg7 Kxg7 37. Re3 g5 38. Rxf3 Rxe4 39. Rd3 Re7 40. Rd5 Kg6 41. h3 g4 42. Rd6+ Kg7 43. h4 Kh7 44. Rd5 Kg6 45. Rd6+ Kg7 46. Rd5 Kg6 47. a4 Re6 48. a5 bxa5 49. Rg5+ Kh6 50. Rxc5 Ra6 51. Rd5 a4 52. bxa4 Rxa4 53. c5 Rc4 54. Ke2 a5 55. Kd3 Rc1 56. Kd4 a4 57. Rd6+ Kg7 58. Ra6 Ra1 59. Kc4 a3 60. Kb3 Rb1+ 61. Ka2 Rc1 62. c6 Rc3 63. Ra7+ Kg6 64. Rc7 Kh6 65. Rc8 Kg7 66. Rc7+ Kg6 67. Rc8 Kg7 68. Rc7+ 1/2-1/2

[Event "Paulista-chTA"]
[Site "Sao Paulo"]
[Date "2015.03.01"]
[Round "4.2"]
[White "Nicolini, Paulo Giovanni De A"]
[Black "Alonso, Raphael VP Patricio"]
[Result "1/2-1/2"]
[WhiteElo "2157"]
[BlackElo "2275"]
[PlyCount "122"]
[EventDate "2015.02.28"]
[EventType "team-tourn"]
[EventRounds "7"]
[EventCountry "BRA"]
[SourceTitle "EXT 2017"]
[Source "ChessBase"]
[SourceDate "2016.10.25"]
[SourceVersion "1"]
[SourceVersionDate "2016.10.25"]
[SourceQuality "1"]
[WhiteTeam "Colegio Albert Sabin"]
[BlackTeam "Rio Preto SMEL II"]
[WhiteTeamCountry "BRA"]
[BlackTeamCountry "BRA"]

1. e4 c5 2. Nf3 a6 3. d4 cxd4 4. Nxd4 e5 5. Nb3 Nf6 6. Nc3 Bb4 7. Bd3 d5 8. exd5 Nxd5 9. Bd2 Nxc3 10. bxc3 Be7 11. 0-0 0-0 12. Qh5 f5 13. Bc4+ Kh8 14. Rad1 Qc7 15. Bd5 Nd7 16. c4 Nf6 17. Qe2 Bd7 18. Ba5 b6 19. Bxa8 bxa5 20. Bd5 a4 21. Nd4 Bd6 22. Ne6 Bxe6 23. Bxe6 e4 24. Bxf5 Bxh2+ 25. Kh1 Bf4 26. g3 Bd6 27. Bh3 h5 28. Rd5 g6 29. Rg5 Kh7 30. Bg2 Qe7 31. Ra5 h4 32. g4 Bc7 33. Rxa6 Kg7 34. g5 Nh5 35. Qxe4 Ng3+ 36. fxg3 Rxf1+ 37. Kh2 hxg3+ 38. Kh3 Qxe4 39. Bxe4 Re1 40. Ra7 Rxe4 41. Rxc7+ Kf8 42. Kxg3 Re3+ 43. Kf4 Ra3 44. Ke5 Rxa2 45. Kf6 Ke8 46. Ra7 a3 47. Ra8+ Kd7 48. Kxg6 Ra1 49. Kg7 a2 50. g6 Kc6 51. Kg8 Rg1 52. Rxa2 Rxg6+ 53. Kf7 Rg2 54. Ke6 Re2+ 55. Kf5 Kc5 56. Kf4 Kxc4 57. Kf3 Re8 58. Ra3 Re7 59. Ra8 Rc7 60. Ke3 Kc3 61. Ra2 Re7+ 1/2-1/2

[Event "Paulista-chTA"]
[Site "Sao Paulo"]
[Date "2015.02.28"]
[Round "1.2"]
[White "Moura, Victor Cavinato"]
[Black "Alonso, Raphael VP Patricio"]
[Result "1-0"]
[WhiteElo "1996"]
[BlackElo "2275"]
[PlyCount "77"]
[EventDate "2015.02.28"]
[EventType "team-tourn"]
[EventRounds "7"]
[EventCountry "BRA"]
[SourceTitle "EXT 2017"]
[Source "ChessBase"]
[SourceDate "2016.10.25"]
[SourceVersion "1"]
[SourceVersionDate "2016.10.25"]
[SourceQuality "1"]
[WhiteTeam "Hebraica II"]
[BlackTeam "Rio Preto SMEL II"]
[WhiteTeamCountry "BRA"]
[BlackTeamCountry "BRA"]

1. e4 d5 2. exd5 Qxd5 3. Nc3 Qd8 4. Nf3 Nf6 5. d4 Bg4 6. Be2 e6 7. h3 Bxf3 8. Bxf3 c6 9. 0-0 Be7 10. Ne4 Nbd7 11. c3 0-0 12. Qe2 Qc7 13. Re1 Rfe8 14. g3 Nxe4 15. Bxe4 Bd6 16. Bg2 e5 17. d5 c5 18. Be4 g6 19. g4 Bf8 20. c4 Nb6 21. a4 Nc8 22. Ra3 Nd6 23. g5 h6 24. h4 hxg5 25. hxg5 Qd7 26. Kg2 Bg7 27. Rh1 Nf5 28. Bxf5 Qxf5 29. Rah3 e4 30. Be3 b6 31. b3 Rad8 32. Rh4 Rf8 33. Qg4 Rde8 34. Qxf5 gxf5 35. Rf4 Re5 36. Bd2 Rfe8 37. Bc3 R5e7 38. Bf6 Rd7 39. Rfh4 1-0

[Event "Paulista-chT Interclubes"]
[Site "Sao Paulo"]
[Date "2013.02.??"]
[Round "3"]
[White "Gomez, Gustavo Pizzocaro"]
[Black "Alonso, Raphael VP Patricio"]
[Result "0-1"]
[WhiteElo "2151"]
[BlackElo "2162"]
[PlyCount "60"]
[EventDate "2013.02.25"]
[EventType "team-tourn"]
[EventRounds "7"]
[EventCountry "BRA"]
[SourceTitle "EXT 2022"]
[Source "ChessBase"]
[SourceDate "2021.10.06"]
[SourceVersion "1"]
[SourceVersionDate "2021.10.06"]
[SourceQuality "1"]
[WhiteTeam "Sociedade Hebraica II"]
[BlackTeam "Rio Preto AC"]
[WhiteTeamCountry "BRA"]
[BlackTeamCountry "BRA"]

1. Nf3 Nf6 2. g3 g6 3. Bg2 Bg7 4. 0-0 c5 5. c4 Nc6 6. Nc3 0-0 7. e4 d6 8. Rb1 a6 9. d3 Rb8 10. Nd5 b5 11. b3 e6 12. Nxf6+ Bxf6 13. Bb2 Bxb2 14. Rxb2 e5 15. h3 f5 16. exf5 Bxf5 17. Qd2 Bxh3 18. Bxh3 Rxf3 19. Kg2 Rf6 20. Qe3 Qe7 21. Qe4 Nd4 22. f4 Rbf8 23. Re1 Qf7 24. Rf2 bxc4 25. bxc4 exf4 26. gxf4 Rxf4 27. Rxf4 Qxf4 28. Qxf4 Rxf4 29. Re7 h5 30. Be6+ Kf8 0-1

[Event "Sao Jose do Rio Preto 10th"]
[Site "Sao Jose do Rio Preto"]
[Date "2012.06.03"]
[Round "6"]
[White "Alonso, Raphael VP Patricio"]
[Black "Gattass, Allan Arriada"]
[Result "1/2-1/2"]
[WhiteElo "2162"]
[BlackElo "2256"]
[PlyCount "35"]
[EventDate "2012.05.30"]
[EventType "tourn"]
[EventRounds "9"]
[EventCountry "BRA"]
[EventCategory "2"]
[SourceTitle "CBM 148 Extra"]
[Source "ChessBase"]
[SourceDate "2012.06.22"]
[SourceVersion "1"]
[SourceVersionDate "2012.06.22"]
[SourceQuality "1"]

1. e4 e5 2. Nf3 Nc6 3. Bb5 Nf6 4. 0-0 Nxe4 5. d4 Nd6 6. Bxc6 dxc6 7. dxe5 Nf5 8. Qxd8+ Kxd8 9. Rd1+ Ke8 10. Nc3 Ne7 11. h3 Ng6 12. Ne4 Be7 13. b3 b6 14. Bb2 Be6 15. c4 Rd8 16. Rxd8+ Bxd8 17. Rd1 Be7 18. Kh2 1/2-1/2

[Event "Sao Jose do Rio Preto 10th"]
[Site "Sao Jose do Rio Preto"]
[Date "2012.06.01"]
[Round "3"]
[White "Alonso, Raphael VP Patricio"]
[Black "Blit, Jacques"]
[Result "1/2-1/2"]
[WhiteElo "2162"]
[BlackElo "2278"]
[PlyCount "30"]
[EventDate "2012.05.30"]
[EventType "tourn"]
[EventRounds "9"]
[EventCountry "BRA"]
[EventCategory "2"]
[SourceTitle "CBM 148 Extra"]
[Source "ChessBase"]
[SourceDate "2012.06.22"]
[SourceVersion "1"]
[SourceVersionDate "2012.06.22"]
[SourceQuality "1"]

1. d4 Nf6 2. Nf3 d5 3. c4 c6 4. Nc3 e6 5. Bg5 Nbd7 6. e3 h6 7. Bh4 Bd6 8. Qc2 0-0 9. Bd3 dxc4 10. Bxc4 b5 11. Be2 Bb7 12. 0-0 a6 13. Ne4 Be7 14. Nxf6+ Nxf6 15. Rfc1 Rc8 1/2-1/2

[Event "Paulista-chT Interclubes"]
[Site "Sao Paulo"]
[Date "2012.02.??"]
[Round "6"]
[White "Alonso, Raphael VP Patricio"]
[Black "Theodoro, Milson"]
[Result "1-0"]
[WhiteElo "2162"]
[BlackElo "1689"]
[PlyCount "87"]
[EventDate "2012.02.25"]
[EventType "team-tourn"]
[EventRounds "7"]
[EventCountry "BRA"]
[SourceTitle "EXT 2022"]
[Source "ChessBase"]
[SourceDate "2021.10.06"]
[SourceVersion "1"]
[SourceVersionDate "2021.10.06"]
[SourceQuality "1"]
[WhiteTeam "Rio Preto AC"]
[BlackTeam "Guaira"]
[WhiteTeamCountry "BRA"]
[BlackTeamCountry "BRA"]

1. e4 c5 2. Nf3 Nc6 3. d4 cxd4 4. Nxd4 g6 5. Nc3 Bg7 6. Be3 Nf6 7. Bc4 Qa5 8. 0-0 0-0 9. Bb3 d6 10. Nd5 Re8 11. f3 Bd7 12. c3 e5 13. Nxc6 Bxc6 14. Nxf6+ Bxf6 15. Qxd6 Be7 16. Qd2 Red8 17. Qf2 Qc7 18. f4 Bb5 19. fxe5 Bc4 20. e6 f6 21. Bxc4 Qxc4 22. Bd4 Qxe6 23. Bxf6 Rf8 24. e5 b6 25. Kh1 Bc5 26. Qd2 Rae8 27. Rad1 Rf7 28. Qd5 Qc8 29. Bg5 Qe6 30. Qxe6 Rxe6 31. Rd8+ Bf8 32. Rxf7 Kxf7 33. Bf6 a5 34. Rd7+ Be7 35. Kg1 Ke8 36. Rxe7+ Rxe7 37. Bxe7 Kxe7 38. Kf2 Ke6 39. Ke3 Kxe5 40. a4 h6 41. b4 Kd5 42. Kd3 b5 43. axb5 a4 44. c4+ 1-0

[Event "Paulista-chT Interclubes"]
[Site "Sao Paulo"]
[Date "2012.02.??"]
[Round "7"]
[White "Marra, Eduardo da Costa"]
[Black "Alonso, Raphael VP Patricio"]
[Result "0-1"]
[WhiteElo "2274"]
[BlackElo "2162"]
[PlyCount "114"]
[EventDate "2012.02.25"]
[EventType "team-tourn"]
[EventRounds "7"]
[EventCountry "BRA"]
[SourceTitle "EXT 2022"]
[Source "ChessBase"]
[SourceDate "2021.10.06"]
[SourceVersion "1"]
[SourceVersionDate "2021.10.06"]
[SourceQuality "1"]
[WhiteTeam "Pinheiros EC"]
[BlackTeam "Rio Preto AC"]
[WhiteTeamCountry "BRA"]
[BlackTeamCountry "BRA"]

1. Nf3 Nf6 2. c4 g6 3. Nc3 c5 4. d4 cxd4 5. Nxd4 Bg7 6. e4 d6 7. Be2 0-0 8. Be3 Nc6 9. Nc2 a6 10. f3 Rb8 11. Qd2 Bd7 12. Rb1 Ne5 13. a4 Qa5 14. b4 Qc7 15. Na3 Be6 16. Nd5 Nxd5 17. exd5 Bf5 18. Rc1 b6 19. 0-0 Bd7 20. Qd1 Bc8 21. Bd4 Re8 22. f4 Nd7 23. Bxg7 Kxg7 24. Qd4+ Nf6 25. Rfe1 Bd7 26. Bd1 a5 27. b5 Rbc8 28. Rc3 Qc5 29. Qxc5 Rxc5 30. Rce3 Kf8 31. h3 e6 32. dxe6 Rxe6 33. g4 Rxe3 34. Rxe3 Be6 35. g5 Nd7 36. Bg4 Bxg4 37. hxg4 Rc7 38. Rd3 Ke7 39. Re3+ Kf8 40. Rd3 Nc5 41. Rxd6 Nxa4 42. Kf2 Ke7 43. Rf6 Rd7 44. Ke3 Rd6 45. Rxd6 Kxd6 46. Kd4 Nc5 47. f5 Nd7 48. Nc2 Ne5 49. Ne3 a4 50. Kc3 Kc5 51. f6 a3 52. Kb3 Nxc4 53. Nc2 Kxb5 54. Nd4+ Kc5 55. Ne6+ Kd6 56. Nd8 Ne5 57. Kxa3 Kc7 0-1

[Event "Sao Jose do Rio Preto SMEL"]
[Site "Sao Jose do Rio Preto"]
[Date "2011.10.01"]
[Round "9"]
[White "Alonso, Raphael VP Patricio"]
[Black "Borges, Leomar Barbero"]
[Result "1/2-1/2"]
[WhiteElo "2188"]
[BlackElo "2203"]
[PlyCount "21"]
[EventDate "2011.09.21"]
[EventType "tourn"]
[EventRounds "11"]
[EventCountry "BRA"]
[SourceTitle "EXT 2022"]
[Source "ChessBase"]
[SourceDate "2021.10.06"]
[SourceVersion "1"]
[SourceVersionDate "2021.10.06"]
[SourceQuality "1"]

1. e4 Nf6 2. e5 Nd5 3. d4 d6 4. Nf3 Bg4 5. Be2 e6 6. 0-0 Be7 7. c4 Nb6 8. Nc3 0-0 9. h3 Bh5 10. Be3 Nc6 11. exd6 1/2-1/2

[Event "Sao Jose do Rio Preto SMEL"]
[Site "Sao Jose do Rio Preto"]
[Date "2011.09.25"]
[Round "6"]
[White "Crosa Coll, Martin"]
[Black "Alonso, Raphael VP Patricio"]
[Result "1-0"]
[WhiteElo "2354"]
[BlackElo "2188"]
[PlyCount "89"]
[EventDate "2011.09.21"]
[EventType "tourn"]
[EventRounds "11"]
[EventCountry "BRA"]
[SourceTitle "EXT 2022"]
[Source "ChessBase"]
[SourceDate "2021.10.06"]
[SourceVersion "1"]
[SourceVersionDate "2021.10.06"]
[SourceQuality "1"]

1. e4 c5 2. Nf3 d6 3. d4 cxd4 4. Nxd4 Nf6 5. Nc3 a6 6. Be2 e6 7. 0-0 Be7 8. Be3 b6 9. a4 Bb7 10. f3 0-0 11. Qd2 Nbd7 12. Rad1 Qc7 13. Bg5 h6 14. Be3 Ne5 15. Qe1 Ng6 16. Qf2 Rfc8 17. Nb3 Nd7 18. f4 Bf6 19. f5 exf5 20. Qxf5 Re8 21. Nd2 Re5 22. Qf2 Nc5 23. Bd4 Re6 24. b4 Nd7 25. Bg4 Re7 26. Bxd7 Bxd4 27. Qxd4 Rxd7 28. Nc4 Rdd8 29. Nxb6 Rab8 30. a5 Ne5 31. Rf2 Qe7 32. Ncd5 Bxd5 33. exd5 Re8 34. c4 Qg5 35. Rdf1 Rb7 36. Rf4 Rbe7 37. c5 Qg6 38. Qe4 dxc5 39. bxc5 Nd3 40. Qxg6 fxg6 41. Rc4 Re1 42. g3 R1e2 43. c6 Ne1 44. c7 Rg2+ 45. Kh1 1-0

[Event "Sao Jose do Rio Preto SMEL"]
[Site "Sao Jose do Rio Preto"]
[Date "2011.09.21"]
[Round "1"]
[White "Alonso, Raphael VP Patricio"]
[Black "Capatti, Eduardo"]
[Result "1/2-1/2"]
[WhiteElo "2188"]
[BlackElo "2139"]
[PlyCount "28"]
[EventDate "2011.09.21"]
[EventType "tourn"]
[EventRounds "11"]
[EventCountry "BRA"]
[SourceTitle "EXT 2022"]
[Source "ChessBase"]
[SourceDate "2021.10.06"]
[SourceVersion "1"]
[SourceVersionDate "2021.10.06"]
[SourceQuality "1"]

1. e4 d6 2. d4 Nf6 3. Nc3 g6 4. Nf3 Bg7 5. Be2 0-0 6. 0-0 c6 7. a4 a5 8. Re1 Nbd7 9. Bf1 e5 10. b3 Re8 11. Ba3 Bf8 12. Qd2 Qc7 13. Rad1 exd4 14. Nxd4 Nc5 1/2-1/2

[Event "Sao Jose do Rio Preto 9th"]
[Site "Sao Jose do Rio Preto"]
[Date "2010.11.23"]
[Round "9"]
[White "Oliveira, Silvio Eduardo"]
[Black "Alonso, Raphael VP Patricio"]
[Result "1/2-1/2"]
[WhiteElo "2378"]
[BlackElo "2167"]
[PlyCount "40"]
[EventDate "2010.11.17"]
[EventType "swiss"]
[EventRounds "11"]
[EventCountry "BRA"]
[SourceTitle "EXT 2022"]
[Source "ChessBase"]
[SourceDate "2021.10.06"]
[SourceVersion "1"]
[SourceVersionDate "2021.10.06"]
[SourceQuality "1"]

1. e4 c5 2. Nf3 d6 3. d4 cxd4 4. Nxd4 Nf6 5. Nc3 g6 6. Be3 Bg7 7. f3 Nc6 8. Qd2 0-0 9. 0-0-0 d5 10. Kb1 Nxd4 11. e5 Nf5 12. exf6 exf6 13. Bc5 d4 14. Bxf8 Qxf8 15. Nb5 Ne3 16. Re1 f5 17. Nxd4 f4 18. g4 Qd6 19. Nb3 Qf6 20. c3 Be6 1/2-1/2

[Event "Sao Jose do Rio Preto 9th"]
[Site "Sao Jose do Rio Preto"]
[Date "2010.11.19"]
[Round "5"]
[White "Crosa Coll, Martin"]
[Black "Alonso, Raphael VP Patricio"]
[Result "1/2-1/2"]
[WhiteElo "2358"]
[BlackElo "2167"]
[PlyCount "24"]
[EventDate "2010.11.17"]
[EventType "swiss"]
[EventRounds "11"]
[EventCountry "BRA"]
[SourceTitle "EXT 2022"]
[Source "ChessBase"]
[SourceDate "2021.10.06"]
[SourceVersion "1"]
[SourceVersionDate "2021.10.06"]
[SourceQuality "1"]

1. e4 c5 2. Nf3 d6 3. d4 cxd4 4. Nxd4 Nf6 5. Nc3 g6 6. g3 Bg7 7. Bg2 0-0 8. 0-0 Bd7 9. h3 Nc6 10. Nde2 Rc8 11. g4 Ne5 12. a4 Bc6 1/2-1/2

[Event "Sao Jose do Rio Preto 9th"]
[Site "Sao Jose do Rio Preto"]
[Date "2010.11.18"]
[Round "2"]
[White "Gattass, Allan Arriada"]
[Black "Alonso, Raphael VP Patricio"]
[Result "1/2-1/2"]
[WhiteElo "2261"]
[BlackElo "2167"]
[PlyCount "34"]
[EventDate "2010.11.17"]
[EventType "swiss"]
[EventRounds "11"]
[EventCountry "BRA"]
[SourceTitle "EXT 2022"]
[Source "ChessBase"]
[SourceDate "2021.10.06"]
[SourceVersion "1"]
[SourceVersionDate "2021.10.06"]
[SourceQuality "1"]

1. e4 c5 2. Nf3 d6 3. c4 Nc6 4. d4 cxd4 5. Nxd4 Nf6 6. Nc3 g6 7. Be2 Bg7 8. Be3 0-0 9. f3 Nxd4 10. Bxd4 Be6 11. Qd2 Qa5 12. b3 Rfc8 13. Rc1 a6 14. Nd5 Qxd2+ 15. Kxd2 Nxd5 16. Bxg7 Kxg7 17. cxd5 Bd7 1/2-1/2

[Event "Sao Jose do Rio Preto"]
[Site "Sao Jose do Rio Preto"]
[Date "2009.11.19"]
[Round "5"]
[White "Alonso, Raphael VP Patricio"]
[Black "Capatti, Eduardo"]
[Result "1/2-1/2"]
[WhiteElo "2174"]
[BlackElo "2142"]
[PlyCount "24"]
[EventDate "2009.11.16"]
[EventType "tourn"]
[EventRounds "5"]
[EventCountry "BRA"]
[EventCategory "1"]
[SourceTitle "EXT 2010"]
[Source "ChessBase"]
[SourceDate "2010.11.25"]
[SourceVersion "1"]
[SourceVersionDate "2010.11.25"]
[SourceQuality "1"]

1. Nf3 Nf6 2. c4 g6 3. Nc3 Bg7 4. g3 0-0 5. Bg2 d6 6. d4 Nbd7 7. 0-0 e5 8. e4 exd4 9. Nxd4 Nc5 10. h3 Re8 11. Re1 a5 12. b3 Bd7 1/2-1/2

[Event "Birigui U2200 op 2nd"]
[Site "Birigui"]
[Date "2007.12.07"]
[Round "2.1"]
[White "Alonso, Raphael VP Patricio"]
[Black "Gambarini, Victor"]
[Result "1-0"]
[WhiteElo "2191"]
[BlackElo "1959"]
[PlyCount "69"]
[EventDate "2007.12.07"]
[EventType "swiss"]
[EventRounds "6"]
[EventCountry "BRA"]
[SourceTitle "EXT 2022"]
[Source "ChessBase"]
[SourceDate "2021.10.06"]
[SourceVersion "1"]
[SourceVersionDate "2021.10.06"]
[SourceQuality "1"]

1. e4 c5 2. Nf3 d6 3. Bc4 e6 4. 0-0 Nf6 5. Nc3 Nc6 6. d4 cxd4 7. Nxd4 Be7 8. Bb3 a6 9. Be3 0-0 10. f4 Bd7 11. Qf3 Qc7 12. f5 Ne5 13. Qg3 Nc4 14. Bh6 Nh5 15. Qg4 Qc5 16. Nce2 Bf6 17. Rad1 e5 18. Bxc4 exd4 19. Bd3 Bb5 20. Qxh5 gxh6 21. Qxh6 Bg7 22. Qh4 f6 23. Nf4 Bxd3 24. cxd3 Qc2 25. Rc1 Qxb2 26. Rc7 Rac8 27. Rxc8 Rxc8 28. h3 Rc1 29. Rxc1 Qxc1+ 30. Kh2 b5 31. Qg4 Kh8 32. Ne6 Bh6 33. Qg3 Qa3 34. Qh4 Bg7 35. Qh5 1-0

[Event "Sao Paulo Primavera 1st"]
[Site "Sao Paulo"]
[Date "2004.10.29"]
[Round "8.1"]
[White "Aranha Filho, Alvaro Zimmermann"]
[Black "Alonso, Raphael VP Patricio"]
[Result "1/2-1/2"]
[WhiteElo "2282"]
[BlackElo "2112"]
[PlyCount "50"]
[EventDate "2004.10.25"]
[EventType "tourn"]
[EventRounds "9"]
[EventCountry "BRA"]
[EventCategory "3"]
[SourceTitle "EXT 2006"]
[Source "ChessBase"]
[SourceDate "2005.11.24"]
[SourceVersion "1"]
[SourceVersionDate "2005.11.24"]
[SourceQuality "1"]

1. d4 Nf6 2. Nf3 e6 3. c3 c5 4. Bg5 Be7 5. Nbd2 d5 6. e3 0-0 7. Bd3 b6 8. Ne5 Bb7 9. f4 Nfd7 10. Qh5 g6 11. Bxe7 Qxe7 12. Qh6 f6 13. Ng4 f5 14. Nf2 Qg7 15. Qg5 Nf6 16. Nf3 Ne4 17. Bxe4 dxe4 18. Ne5 cxd4 19. cxd4 Nc6 20. Nxc6 Bxc6 21. 0-0 Rac8 22. Rfc1 Bd5 23. a3 Bb3 24. Nh1 Qd7 25. Qg3 Bd5 1/2-1/2

[Event "Sao Paulo Primavera 1st"]
[Site "Sao Paulo"]
[Date "2004.10.28"]
[Round "7.5"]
[White "Fernandez, Daniel"]
[Black "Alonso, Raphael VP Patricio"]
[Result "1-0"]
[WhiteElo "2391"]
[BlackElo "2112"]
[PlyCount "43"]
[EventDate "2004.10.25"]
[EventType "tourn"]
[EventRounds "9"]
[EventCountry "BRA"]
[EventCategory "3"]
[SourceTitle "EXT 2006"]
[Source "ChessBase"]
[SourceDate "2005.11.24"]
[SourceVersion "1"]
[SourceVersionDate "2005.11.24"]
[SourceQuality "1"]

1. e4 c5 2. Nf3 d6 3. d4 cxd4 4. Nxd4 Nf6 5. Nc3 g6 6. Be3 Bg7 7. f3 Nc6 8. Qd2 0-0 9. Bc4 Bd7 10. 0-0-0 Ne5 11. Bb3 Qa5 12. g4 Rfc8 13. h4 b5 14. h5 Nc4 15. Bxc4 bxc4 16. Bh6 Bh8 17. Nf5 Bxf5 18. exf5 Rab8 19. hxg6 Rxb2 20. g7 Qa3 21. Qg5 Rb1+ 22. Kd2 1-0

[Event "Sao Paulo Primavera 1st"]
[Site "Sao Paulo"]
[Date "2004.10.26"]
[Round "3.3"]
[White "Rodi, Luis Ernesto"]
[Black "Alonso, Raphael VP Patricio"]
[Result "0-1"]
[WhiteElo "2297"]
[BlackElo "2112"]
[PlyCount "88"]
[EventDate "2004.10.25"]
[EventType "tourn"]
[EventRounds "9"]
[EventCountry "BRA"]
[EventCategory "3"]
[SourceTitle "EXT 2006"]
[Source "ChessBase"]
[SourceDate "2005.11.24"]
[SourceVersion "1"]
[SourceVersionDate "2005.11.24"]
[SourceQuality "1"]

1. f4 d5 2. Nf3 g6 3. g3 Bg7 4. Bg2 Nf6 5. d3 0-0 6. 0-0 c5 7. Nc3 d4 8. Ne4 Nbd7 9. Nh4 Nxe4 10. dxe4 b5 11. e3 Bb7 12. exd4 cxd4 13. e5 Bxg2 14. Kxg2 Nc5 15. Nf3 Ne6 16. Qd3 Qd5 17. Be3 Rfd8 18. Bg1 Rac8 19. Rf2 g5 20. fxg5 Nxg5 21. Qf5 Nxf3 22. Rxf3 Bxe5 23. Re1 Bf6 24. Qg4+ Kh8 25. Re2 Qxa2 26. Rxe7 Rxc2+ 27. Kh3 Bxe7 28. Bxd4+ Rxd4 29. Qxd4+ Kg8 30. Qg4+ Kf8 31. Qf5 Rc5 32. Qxh7 Qe6+ 33. g4 Ke8 34. b4 Re5 35. Kg3 Re3 36. Qh8+ Kd7 37. Qd4+ Qd6+ 38. Qf4 Rxf3+ 39. Kxf3 Qxf4+ 40. Kxf4 Bd6+ 41. Kf5 Bxh2 42. Kf6 Bd6 43. Kxf7 Bxb4 44. g5 Bc3 0-1